Suggested Answers To Questions Set At The Final (Record no. 41328)

MARC details
000 -LEADER
fixed length control field 00356nam a2200121Ia 4500
008 - FIXED-LENGTH DATA ELEMENTS--GENERAL INFORMATION
fixed length control field 240719s9999 xx 000 0 und d
041 ## - LANGUAGE CODE
Language code of text/sound track or separate title eng
082 ## - DEWEY DECIMAL CLASSIFICATION NUMBER
Classification number 153.94 ZAI
100 ## - MAIN ENTRY--PERSONAL NAME
Personal name Zaidi S. Z. H.
245 ## - TITLE STATEMENT
Title Suggested Answers To Questions Set At The Final
260 ## - PUBLICATION, DISTRIBUTION, ETC.
Place of publication, distribution, etc. Noida
Name of publisher, distributor, etc. Board Of Studies, Noida
Date of publication, distribution, etc. 2005
520 ## - SUMMARY, ETC.
Summary, etc. Gifted By : IMT Faculty Dr.Pawan sir
Holdings
Withdrawn status Lost status Damaged status Not for loan Home library Current library Shelving location Date acquired Cost, normal purchase price Full call number Barcode Date last seen Price effective from Koha item type Public note
        IMTN IMTN Rack 1-B 06/15/2023 60.00 153.94 ZAI 33023 07/19/2024 07/19/2024 Books Gifted
Designed & Maintained by: LRC IMT Nagpur Contact: lrc@imtnag.ac.in© 2024. All Rights Reserved.